Actas y decretos del Concilio Plenario de la América Latina

Enregistré dans:
Détails bibliographiques
Format: Livre
Langue:espagnol
latin
Publié: Roma Tipografía Vaticana 1906
Sujets:
Tags: Ajouter un tag
Pas de tags, Soyez le premier à ajouter un tag!

MARC

LEADER 00000nam a2200000 a 4500
001 UCV2974
003 CL-VaPUC
008 930122e19060000IT |||||||||||||||||spa|d
041 0 7 |a spa  |2 CL-VaPUC 
041 0 7 |a lat  |2 CL-VaPUC 
082 0 4 |a 262.91  |b ACT  |2 21 
245 1 0 |a Actas y decretos del Concilio Plenario de la América Latina 
246 1 0 |a Acta et decreta concilii plenarii Americae Latinae 
300 |a 593 p 
942 |c BK 
945 |d 19930122 00:00:00 
260 |a Roma  |b Tipografía Vaticana  |c 1906 
600 0 7 |a CONCILIO PLENARIO DE AMERICA LATINA  |2 CL-VaPUC  |9 258589 
583 |a last modification  |c 20151130 05:03:03  |k Rodrigo Vera 
999 |c 210401  |d 210399 
952 |0 0  |1 0  |4 0  |6 262_910000000000000_ACT_1906  |7 0  |8 X  |9 186588  |a BIBHIS  |b BIBHIS  |d 2019-11-14  |i 1338811  |o 262.91 ACT 1906  |p 1338811  |r 2024-01-30  |w 2019-11-14  |y BK_X  |k HIS